000 00469nam a2200193Ia 4500
003 OSt
005 20260225162450.0
008 210210b xxu||||| |||| 00| 0 eng d
040 _cAL
041 _aHindi
082 _a861/36
100 _aDUBE (R D)
_dदुबे (आर डी)
_9256749
245 _aKonark
_bकोणार्क
260 _aMainpuri
_b-
650 _aKoNArk
_9256750
690 _aHindi Poetry
_9256751
906 _a023057
942 _2ddc
_cBK
999 _c147942
_d147942